[Event "Penang op-B 9th"]
[Site "Penang"]
[Date "2017.12.06"]
[Round "4"]
[White "Hoe, Chew Ming Thomas"]
[Black "Aritra, Ganguly"]
[Result "1-0"]
[WhiteElo "1738"]
[BlackElo "1570"]
[PlyCount "67"]
[EventDate "2017.12.04"]
[EventType "swiss"]
[EventRounds "9"]
[EventCountry "MAS"]
[SourceTitle "CBM 182 Extra"]
[Source "ChessBase"]
[SourceDate "2018.02.23"]
[SourceVersion "1"]
[SourceVersionDate "2018.02.23"]
[SourceQuality "1"]

1. Nf3 d5 2. g3 Nf6 3. Bg2 g6 4. d3 Bg7 5. 0-0 0-0 6. c3 c6 7. Qc2 Qc7 8. Bf4 Qb6 9. e4 dxe4 10. dxe4 Nh5 11. Be3 Qc7 12. Nbd2 e5 13. Rad1 b6 14. c4 Be6 15. a3 Nf6 16. h3 h6 17. b3 Nbd7 18. Nh4 Nh5 19. Nf5 Kh7 20. Nxg7 Kxg7 21. Kh2 g5 22. Nf3 f5 23. exf5 Bxf5 24. Qc3 Rae8 25. Rfe1 Kg8 26. b4 Ndf6 27. Nd2 Rd8 28. Nf1 Ne4 29. Bxe4 Bxe4 30. Rxd8 Rxd8 31. Bxg5 Qf7 32. Kg1 Rd3 33. Qxe5 Bg6 34. Qb8+ 1-0

[Event "Penang op-B 9th"]
[Site "Penang"]
[Date "2017.12.05"]
[Round "3"]
[White "Aritra, Ganguly"]
[Black "Handayani, Tri"]
[Result "1-0"]
[WhiteElo "1570"]
[BlackElo "1938"]
[PlyCount "49"]
[EventDate "2017.12.04"]
[EventType "swiss"]
[EventRounds "9"]
[EventCountry "MAS"]
[SourceTitle "CBM 182 Extra"]
[Source "ChessBase"]
[SourceDate "2018.02.23"]
[SourceVersion "1"]
[SourceVersionDate "2018.02.23"]
[SourceQuality "1"]

1. e4 d6 2. d4 Nd7 3. f3 g6 4. Nc3 Bg7 5. Be3 e5 6. Bc4 c6 7. Nge2 Ngf6 8. Bb3 0-0 9. 0-0 Qc7 10. a4 Re8 11. Qd2 Nf8 12. Rad1 a6 13. d5 c5 14. Bc4 Bd7 15. Ra1 b6 16. Rfb1 Rec8 17. Qd3 a5 18. Bb5 h6 19. Qd2 Kh7 20. Rf1 Re8 21. b3 Bxb5 22. Nxb5 Qd7 23. Nc1 g5 24. Nd3 Ng6 25. Nb2 1-0